000 01084cam a22003137a 4500
001 13399415
003 ARRUPE
005 20150907121844.0
008 030826s2003 njua b 001 0 eng d
010 _a 2003278463
020 _a9812380248
035 _a(OCoLC)ocm52913867
040 _aTJC
_cTJC
_dDLC
042 _alccopycat
050 0 0 _aQ175.32.K45
_bL45 2003
082 0 0 _a121
_222
100 1 _aLenk, Hans.
_919366
245 1 0 _aGrasping reality :
_ban interpretation-realistic epistemology /
_cHans Lenk.
260 _aRiver Edge, N.J. :
_bWorld Scientific,
_cc2003.
300 _axii, 266 p. :
_bill. ;
_c24 cm.
440 0 _aSeries on the foundations of natural science and technology ;
_vv. 5
_919367
504 _aIncludes bibliographical references (p. 241-254) and indexes.
650 0 _aKnowledge, Theory of.
_919368
650 0 _aRealism.
_911315
650 0 _aScience
_xPhilosophy.
_919369
906 _a7
_bcbc
_ccopycat
_d3
_encip
_f20
_gy-gencatlg
942 _2lcc
_cMONOGRAPH
999 _c123254
_d123254